Normal view
MARC view
- Qizal Ashfaq (00000273877)
Entry Personal Name
001 - CONTROL NUMBER
- control field: 116644
003 - CONTROL NUMBER IDENTIFIER
- control field: NUST
005 - DATE AND TIME OF LATEST TRANSACTION
- control field: 20230912170016.0
008 - FIXED-LENGTH DATA ELEMENTS
- fixed length control field: 230912|| aca||aabn | a|a d
040 ## - CATALOGING SOURCE
- Original cataloging agency: NUST
- Transcribing agency: NUST
100 ## - HEADING--PERSONAL NAME
- Personal name: Qizal Ashfaq (00000273877)
670 ## - SOURCE DATA FOUND
- Source citation: Work cat.: (NUST): Qizal Ashfaq (00000273877), Single-Step and Multi-Step Forecasting of Global Horizontal Irradiance Using Long Short-Term Memory Network /, 2021
